Music Quiz

Random Music Quiz
Score 0/297 Timer 20:00
0 Plays Today
% Correct
V
100%
Jungkook ♥
100%
Jimin
100%
J Hope
100%
Jin ♥
100%
RM
100%
Suga
100%
Jinyoung ♥
100%
Bambam
100%
Yugyeom
100%
Youngjae
100%
Jackson
100%
Mark
100%
JB
100%
DK
100%
Dino
100%
Jun ♥
100%
I.N
100%
Woojin
100%
Bang Chan ♥
100%
Taeyang ♥
100%
Dowoon ♥
100%
Wonpil
100%
Young K
100%
Jae
100%
Sungjin
100%
Chen
100%
Chanyeol
100%
D.O
100%
Sehun ♥
100%
Kai
100%
Lay
100%
Xiumin
100%
Suho
100%
Baekhyun
100%
Joohoney ♥
100%
I.M
100%
Kihyun
100%
Hyungwon
100%
Shownu
100%
Minhyuk
100%
Wonho
100%
Mark
100%
Taeil
100%
Kun
100%
Taeyong
100%
Johnny
100%
Lucas
100%
Yuta
100%
Winwin
100%
Doyoung ♥
100%
June ♥
100%
Chan
100%
B.I
100%
DK
100%
Bobby
100%
Jay
100%
Song
100%
San
100%
Yunho
100%
Taeyang
100%
Huening Kai
100%
BM
100%
J.Seph ♥
100%
Taeil
100%
Youngjae
100%
Ilhoon
100%
Minhyuk
100%
Chan ♥
100%
Jun
100%
Jinyoung
100%
Woojin
100%
Daehwi
100%
Yunho
100%
L ♥
100%
Daehwi
100%
Woojin ♥
100%
Jinyoung
100%
Seungmin
93.3%
Inseong
93.3%
Yoon Sanha
93.3%
Rocky
93.3%
Moonbin ♥
93.3%
Cha Eunwoo
93.3%
MJ
93.3%
Jinjin
93.3%
Jaehyun
93.3%
Ten ♥
93.3%
Wooyoung
93.3%
Daesung
93.3%
GDragon
93.3%
T.O.P ♥
93.3%
Ken
93.3%
Taehyun
93.3%
P.O
93.3%
Zico
93.3%
Sungjae
93.3%
Peniel
93.3%
Hyunsik ♥
93.3%
% Correct
Eunkwang
93.3%
Changsub
93.3%
Jaehyun
93.3%
Longguo
93.3%
Taehyun ♥
93.3%
Ren
93.3%
JR
93.3%
Wooyoung
93.3%
Jun.K
93.3%
Jaehyun ♥
93.3%
Y
93.3%
Seungmin
93.3%
Inseong
93.3%
Baro
93.3%
Seungkwan
86.7%
The8
86.7%
Vernon ♥
86.7%
Mingyu
86.7%
Woozi
86.7%
Scoups
86.7%
Wonwoo
86.7%
Hoshi
86.7%
Joshua ♥
86.7%
Felix
86.7%
Han
86.7%
Lee Know
86.7%
Dawon
86.7%
Haechan ♥
86.7%
Jeno
86.7%
Jaemin
86.7%
Jisung
86.7%
Chenle
86.7%
Renjun
86.7%
Taemin ♥
86.7%
Minho
86.7%
Jonghyun
86.7%
Onew
86.7%
Key
86.7%
Q
86.7%
New
86.7%
Mingi ♥
86.7%
Jongho
86.7%
Seonghwa
86.7%
Yeosang
86.7%
Hongjoong
86.7%
Ravi ♥
86.7%
N
86.7%
Leo
86.7%
Mino
86.7%
Yoon
86.7%
Hoony
86.7%
Jinu ♥
86.7%
Leeteuk
86.7%
Heechul ♥
86.7%
Wooseok
86.7%
Yuto
86.7%
Yeo One
86.7%
Hui
86.7%
Kyung ♥
86.7%
U-Kwon
86.7%
Jaehyo
86.7%
B-Bomb
86.7%
Zelo ♥
86.7%
Jongup
86.7%
Himchan
86.7%
Yongguk
86.7%
Daehyun
86.7%
Wow
86.7%
Kenta
86.7%
Minhyun ♥
86.7%
Baekho
86.7%
Kuanlin ♥
86.7%
Jihoon
86.7%
Daniel
86.7%
Jisung
86.7%
Sungwoon
86.7%
Minhyun ♥
86.7%
Seongwoo
86.7%
Sungyeol
86.7%
Sunggyu
86.7%
Nichkhun
86.7%
Jihun ♥
86.7%
Sandeul ♥
86.7%
Jeonghan
80%
Changbin
80%
Rowoon
80%
Zuho
80%
Chani
80%
Hwiyoung
80%
Youngbin
80%
Jaeyoon
80%
Hendery
80%
Xiaojun
80%
Yangyang
80%
Hwall
80%
Eric
80%
Jacob
80%
Hyuk
80%
Hongbin
80%
% Correct
Beomgyu
80%
Yeonjun
80%
Soobin ♥
80%
Eunhyuk
80%
Yesung
80%
Siwon
80%
Ryeowook
80%
Kino
80%
Shinwon
80%
Yanan ♥
80%
Hongseok
80%
Aron
80%
Jacob
80%
Jaehwan
80%
Taecyeon
80%
TAG
80%
Xion ♥
80%
Hyunjin
73.3%
Juhaknyeon
73.3%
Sunwoo
73.3%
Sangyeon
73.3%
Younghoon ♥
73.3%
Kevin
73.3%
Hyunjae
73.3%
Donghae
73.3%
Shindong
73.3%
Kyuhyun
73.3%
Jino
73.3%
Dojoon ♥
73.3%
Byeongkwan
73.3%
Donghun
73.3%
Lou
73.3%
Ziu
73.3%
St. Van
73.3%
Baron ♥
73.3%
Changmin
73.3%
Sungjong
73.3%
Dongwoo
73.3%
Donghyun
73.3%
Junho
73.3%
Donghyun
73.3%
Daeyeol
73.3%
Seoham
73.3%
Heejun
73.3%
Dongwon
73.3%
CNU
73.3%
Seoho
73.3%
Ravn
73.3%
Juyeon
66.7%
Sungmin
66.7%
Hajoon
66.7%
Woosung
66.7%
Hyunbin
66.7%
Ayno
66.7%
Woohyun
66.7%
Woong
66.7%
Youngmin
66.7%
Chansung
66.7%
Joochan
66.7%
Bomin
66.7%
Seungwoo ♥
66.7%
Gongchan
66.7%
Hwanwoong
66.7%
Keonhee
66.7%
Leedo
66.7%
Dean
66.7%
Donghan
60%
Sanggyun ♥
60%
ACE
60%
Jibeom
60%
Jangjun
60%
Sejun
60%
Subin
60%
Hanse
60%
Byungchan
53.3%
Seungsik
53.3%
Seungyeon ♥
53.3%
Yibo
53.3%
Jay Park ♥
53.3%
Crush
53.3%
Samuel
53.3%
Junwoo
46.7%
Heochan
46.7%
Jaehyung
40%
Hweseung
40%
Hun
40%
Wenhan
40%
Yixuan
40%
Sungjoo
40%
Loco
40%
Seunghyub
33.3%
Eric Nam
33.3%
Gray
33.3%
HOYA
33.3%
PSY
33.3%
Zion.T
26.7%
Holland
26.7%
DPR Live
26.7%
K.will
26.7%

You're not logged in!

Compare scores with friends on all Sporcle quizzes.
OR
Log In

Sporcle TV

Today on Sporcle TV


Watch our educational content, quiz creation guides, and fun videos on Sporcle TV.

Show Comments

Extras

Created Oct 3, 2019ReportNominate
Tags:300, idol, male, solo

Top Quizzes Today


Score Distribution

Paid Content

Your Account Isn't Verified!

In order to create a playlist on Sporcle, you need to verify the email address you used during registration. Go to your Sporcle Settings to finish the process.

Report this User

Report this user for behavior that violates our Community Guidelines.

Details: